00867nam a22002537a 450000500170000001000130001702000220003003500130005203700160006504000120008108200110009310000350010424500700013926000430020927000400025230000250029249000240031765000310034165000190037270000270039194200200041899900190043895201560045720170124110127.0 aB-030302 c45.00a8123728077 aB-030302 bCen Lib/Ret aDPLbEN aSbDIX aDixit, Jabdamba Prasad 931634 aMortuary /cby Jagdamba Prasad Dixit; translated by Madhu Sharma  aNew Delhi bNational Book Trust c1999 aA-5 green park bNew Delhi e110016 axiv, 192p.c21cm(Hb) aAadan pradan series aIndian literature 9101844 aStories 97500 aSharma, Madhu 9101845 2ddccENhSmDIX c131383d131383 04104070aLbLd2015-07-14eCen Lib/Retg45.00l0oS DIXpB-030302r2015-07-14 00:00:00t1v45.00w2015-07-14yENzW/d List No. 6850/25 : dtd 18/7/20